Central Library || Chittagong University

হিন্দুধর্ম ও ইসলাম : (Record no. 103853)

MARC details
000 -LEADER
fixed length control field 00919nam a22001937a 4500
003 - CONTROL NUMBER IDENTIFIER
control field BD-ChCU
005 - DATE AND TIME OF LATEST TRANSACTION
control field 20240310115425.0
008 - FIXED-LENGTH DATA ELEMENTS--GENERAL INFORMATION
fixed length control field 240310b bg ||||| |||| 00| 0 ben d
020 ## - INTERNATIONAL STANDARD BOOK NUMBER
International Standard Book Number 9789849221180
040 ## - CATALOGING SOURCE
Transcribing agency BD-ChCU
082 ## - DEWEY DECIMAL CLASSIFICATION NUMBER
Edition number 22
Classification number ২০০.০৯ ফায ৩৫ হি
100 ## - MAIN ENTRY--PERSONAL NAME
Personal name ফাযলী, মুরতাহিন বিল্লাহ জাসির
9 (RLIN) 4505
245 ## - TITLE STATEMENT
Title হিন্দুধর্ম ও ইসলাম :
Statement of responsibility, etc. জানা-অজানা কথা /
Remainder of title মুরতাহিন বিল্লাহ জাসির ফাযলী
260 ## - PUBLICATION, DISTRIBUTION, ETC.
Place of publication, distribution, etc. ঢাকা :
Name of publisher, distributor, etc. রাহনুমা প্রকাশনী,
Date of publication, distribution, etc. c২০১৭
300 ## - PHYSICAL DESCRIPTION
Extent ২৭১পৃ. :
Dimensions 22 cm.
650 #0 - SUBJECT ADDED ENTRY--TOPICAL TERM
Topical term or geographic name entry element হিন্দুধর্ম ও ইসলাম ধর্ম - আলোচনা ও পর্যালোচনা ধর্ম
9 (RLIN) 4507
700 ## - ADDED ENTRY--PERSONAL NAME
Personal name .
9 (RLIN) 4506
Relator term
942 ## - ADDED ENTRY ELEMENTS (KOHA)
Source of classification or shelving scheme Dewey Decimal Classification
Koha item type Books
Suppress in OPAC No
Holdings
Withdrawn status Lost status Source of classification or shelving scheme Damaged status Not for loan Home library Current library Date acquired Source of acquisition Total Checkouts Full call number Barcode Date last seen Price effective from Koha item type
    Dewey Decimal Classification     Chittagong University Library Chittagong University Library 03/10/2024 ক্রয়কৃত   ২০০.০৯ ফায ৩৫ হি 317552 03/10/2024 03/10/2024 Books
© Copyright 2026. Chittagong University Library, Installation and Maintenance by Prof. Dr. Md. Alamgir, 01711306253